Ładuje się......
First Aid
| 1. autor: | |
|---|---|
| Format: | Printed Book |
| Wydane: |
Kottayam
DC Books
2005
|
| LEADER | 00300nam a22001097a 4500 | ||
|---|---|---|---|
| 999 | |c 93242 |d 93242 | ||
| 100 | |a Dr Alice George |9 43580 | ||
| 245 | |a First Aid | ||
| 260 | |a Kottayam |b DC Books |c 2005 | ||
| 300 | |a 110p. | ||
| 942 | |c BK | ||
| 952 | |0 0 |1 0 |4 0 |7 0 |9 85756 |a SBES |b SBES |d 2016-10-18 |l 0 |p GSB020 |r 2016-10-18 |w 2016-10-18 |y BK | ||